|
|
|
|
| LEADER |
00650nab a2200157 i 4500 |
| 001 |
delm138477 |
| 005 |
20191220105535.0 |
| 008 |
191220s2007 hu o 0|| hun d |
| 040 |
|
|
|a SZTE Délmagyarország Archívum
|b hun
|
| 041 |
|
|
|a hun
|
| 100 |
1 |
|
|a Blahó Gabriella
|
| 245 |
1 |
0 |
|a Hideg zuhany után letargia
|h [elektronikus dokumentum] :
|b a súlypont szentesi kórház dolgozói nem értik, miért kell létszámleépítés /
|c Blahó Gabriella
|
| 260 |
|
|
|c 2007-07-05
|
| 300 |
|
|
|a 4
|
| 490 |
0 |
|
|a Délmagyarország
|v 97 No. 155
|
| 695 |
|
|
|a Szentes, Egészségügyi intézmény kórház Szentes, Munkanélküliség leépítés, dr. Bugyi István Kórház (Szentes)
|